000 00291nam a2200121Ia 4500
008 231129s2001||||xx |||||||||||||| ||spa||
082 _aER- 455
100 _aCoeducar
245 0 _aConcurso de Cuento Solidaridad
260 _c2001
264 _aManizales: La Patria 2001
942 _2ddc
_cBKS
999 _c7854
_d7854